| 000 | 00889nam a2200193Ia 4500 | ||
|---|---|---|---|
| 003 | OSt | ||
| 005 | 20241119182348.0 | ||
| 007 | ca aa aaaaa | ||
| 008 | 201103s9999 xx 000 0 und d | ||
| 040 | _cSSBUL | ||
| 041 | _abur | ||
| 082 |
_a၂၉၄.၃၄၃၅၀၉ _bကု |
||
| 100 |
_a ကုမာရထေရ်၊ ဘဒ္ဒန္တ၊ အဂ္ဂမဟာပဏ္ဍိတ _916980 |
||
| 245 | 1 | 0 |
_aဒါဌာဝံသပါဌ်နှင့်ဓာတုဝံသပါဌ် / _c အဂ္ဂမဟာပဏ္ဍိတဘဒ္ဒန္တကုမာရထေရ်၊၊ |
| 260 |
_aရန်ကုန် ၊ _bမဟာသိမ်တော်ကြီး ပရိယတ္တိစာသင်တိုက်၊ _c၂၀၀၈။ |
||
| 300 |
_aဆ၊ ၂၆၉ စာမျက်နှာ ၊ _c၁၉ စင်တီ။ |
||
| 942 |
_cBK _2ddc |
||
| 942 | _2ddc | ||
| 999 |
_c18460 _d18460 |
||